00315pab a2200133 454500008004000000100002000040245004700060260000900107300001100116362000800127650001300135650001700148773001600165180718b2009 xxu||||| |||| 00| 0 eng d aKumar, A. Selva aChild labour eradication: role of teachers c2009 ap.5-8. aMay aTeachers aChild labour aSocial Work